00835nam a2200241 a 4500001001000000003000500010005001700015008004100032010001100073011001100084040000900095100002500104245011700129260004100246500006000287502007900347650002100426650001400447650001300461650001900474650003000493856007000523000111553CHAP20220329144218.0150611s2015 mx a fsm |||||||spa d a108015 a108987 cCHAP1 aGuzmán Vega, Irene10aEvaluación de materiales como patrón para injerto de cucurbitáceash[En línea]cpor Irene Guzmán Vega. aChapingo, Méx. :bEl autor,c2015. aPara ver el contenido del material haga clic en la liga aTesis (Agr. en Horticultura Protegida) -- UACH. Departamento de Fitotecnia14aCucurbitáceas.14aInjertos.14aMelón.14aPortainjertos.14aPropagación de plantas. aFinding aiduhttp://10.13.5.2/tesis/sist111553.pdfzTeclea aquí